000 00356 a2200169 4500
001 186846
020 _a85-16-01812-1
040 _cMagnum
100 _aBandeira, Pedro
240 1 0 _aA formiga e a pomba
_lpor
245 1 0 _aA formiga e a pomba
300 _a31
362 0 _a1997
440 1 _aModerna
697 _aLITERATURA INFANTO
942 _cBK
999 _c186846
_d186846